| 000 | 02660nam0a2200385 4500 | ||
|---|---|---|---|
| 001 | RU\NLR\BIBL_A\016333607 | ||
| 005 | 20240117142254.0 | ||
| 010 |
_a978-5-88437-921-3 _9117 |
||
| 021 |
_aRU _bКН-П-23-012339 _9КН-П-23-1216 |
||
| 035 | _a(NLR Aleph) 016333607 | ||
| 035 | _a(RuMoRGB)011615067 | ||
| 090 |
_a13068504 _c13068504 |
||
| 100 | _a20230404d2023 u y0rusy50 ca | ||
| 101 | 0 | _arus | |
| 102 | _aRU | ||
| 105 | _aa|||z|||000zy | ||
| 181 | 0 |
_ai _baxxe |
|
| 182 | 0 | _an | |
| 200 | 1 |
_aРекомендации по организации самостоятельной работы с пистолетом с учетом ошибок, совершаемых стрелком при выполнении упражнений стрельб _eучебно-методическое пособие _fА. Г. Соболев, С. А. Байрамов, Н. Ю. Николаев [и др.] _gФедеральное государственное казенное образовательное учреждение высшего образования "Уральский юридический институт Министерства внутренних дел Российской Федерации", Кафедра огневой подготовки |
|
| 203 |
_aТекст _bвизуальный _cнепосредственный |
||
| 210 |
_aЕкатеринбург _cУральский юридический институт МВД России _d2023 |
||
| 215 |
_a83 с. _cил. _d20 |
||
| 300 | _aАвт. указаны на обороте тит. с. | ||
| 320 | _aБиблиогр.: с. 80-82 (29 назв.) | ||
| 606 | 1 |
_aОрганы внутренних дел _jУчебно-методические пособия _xКадры _xОгневая подготовка _yРоссийская Федерация _92279886 _3RU\NLR\AUTH\661366006 |
|
| 686 | 1 | _aХ621.163.01я7 | |
| 701 | 1 |
_aСоболев _bА. Г. _cпреподаватель, огневая подготовка _gАндрей Георгиевич _9263807 _3RU\NLR\AUTH\770263863 |
|
| 701 | 1 |
_aБайрамов _bС. А. _gСанан Аджисаятович |
|
| 701 | 1 |
_7ca _8rus _aНиколаев _bН. Ю. _cпреподаватель, огневая подготовка _gНиколай Юрьевич _9189926 _3RU\NLR\AUTH\770189977 |
|
| 712 | 0 | 2 |
_4570 _aУральский юридический институт _bКафедра огневой подготовки _cЕкатеринбург _9769047 _3RU\NLR\AUTH\880551506 |
| 942 | _cBOOK | ||
| 980 | _aNB | ||